Ekonomická analýza práva

Ekonomická analýza práva (Law and Economics) je po inštitucionalizme druhou vlnou zameranou na ekonomickú analýzu práva. Časové periódy vývoja Law and Economics. Súkromné vlastníctvo predstavuje významný medzník v metodológii Law and Economics. Diferencovanie Law and Economics na vetvu matematizujú...

Descrizione completa

Salvato in:
Dettagli Bibliografici
Autore principale: Bortel, Lukáš
Natura: Capitolo di libro
Lingua:ceco
Soggetti:
Tags: Aggiungi Tag
Nessun Tag, puoi essere il primo ad aggiungerne!!

MARC

LEADER 00000naa$a2200000$$$4500
001 0042634
005 20231107114434.2
041 0 |a cze 
044 |a CZ 
245 1 0 |a Ekonomická analýza práva  |c Lukáš Bortel 
520 |a Ekonomická analýza práva (Law and Economics) je po inštitucionalizme druhou vlnou zameranou na ekonomickú analýzu práva. Časové periódy vývoja Law and Economics. Súkromné vlastníctvo predstavuje významný medzník v metodológii Law and Economics. Diferencovanie Law and Economics na vetvu matematizujúcu a vetvu psychologizujúcu. Normatívny prístup a pozitívny prístup. Analýza kontraktu. Williamsonov model transakčných nákladov. Analýza konateľstva. 
610 2 0 |a právo 
610 2 0 |a analýza ekonomická 
610 2 0 |a metodológia 
610 2 0 |a veda ekonomická 
610 2 0 |a teórie ekonomické 
610 2 0 |a teórie právne 
100 1 |a Bortel, Lukáš